000 00878nam a22002177a 4500
001 8614
003 FISKH
005 20251002154935.0
008 251002b cb ||||| |||| 00| 0 eng d
040 _aFISKH
_beng
_cFISKH
_dFISKH
050 _aPZ7
082 _a031.02
100 _aCarlisle, Richard
245 _aSesame street finding out encyclopedia 15 :
_bThe WXYZ book /
_cWritten by Richard Carlisle, Margaret Crush, Molly Lodge, Lee Pressman, George Short, Jocelyn Stevenson ; Illustrator by Sue Branch, Zena Flax, John Gossler, Dennis Ryan, Penny Simon, Mari Szmichowska By: Carlisle, Richard
260 _aNew York :
_bBay Books,
_c1982.
300 _a42 unnumbered pages :
_bcolor illustrations ;
_c29 cm
520 _aSesame Street book that focuses on words starting with the letter WXYZ.
650 _a Junior Fiction
942 _2ddc
_cBK
_n0
999 _c8614
_d8614